000 00216nam a22000977a 4500
999 _c522091
_d522091
082 _aTNC
100 _aSwami, Sukshmananda
_936757
245 _aMind The Gap
260 _aNew Delhi
_bFull Circle
_c2003
300 _a146p.